000 00563nam a2200181Ia 4500
003 GCL
008 140319s9999 xx 000 0 ara d
040 _aGCL /
_cGCL
082 0 4 _a813.03
_bم ع
100 1 _aماهر البطوطى
245 1 0 _aعزلة النسر : رواية /
_cماهر البطوطى
260 _a[S.N] :
_bالهيئة المصرية العامة للكتاب ،
_c1995
300 _a169 ص
490 _aسلسلة الرواية العربية
_v0
650 0 4 _aالادب العربى
650 0 4 _aالقصص
942 _2ddc
_cBK
999 _c33469
_d33469